Lo político del lenguaje. Travesía por el español y sus malestares.
Saved in:
| Main Author: | |
|---|---|
| Format: | Book |
| Language: | English |
| Published: |
Santiago, Chile:
Verba Volant,
2024.
|
| Edition: | Primera edición. |
| Subjects: | |
| Tags: |
Add Tag
No Tags, Be the first to tag this record!
|
MARC
| LEADER | 00000nam a22000007a 4500 | ||
|---|---|---|---|
| 003 | CL-VaPUC | ||
| 005 | 20241004104726.0 | ||
| 008 | 241003t2024 ||||| |||| 00| 0 eng d | ||
| 999 | |c 444965 |d 444963 | ||
| 020 | |a 978-956-08071-0-6 | ||
| 040 | |c Pontificia Universidad Católica de Valparaíso | ||
| 082 | |2 22 |a 460.141 VAL 2024 | ||
| 100 | |9 528266 |a Valle, José del |e autor | ||
| 245 | 1 | 3 | |a Lo político del lenguaje. |b Travesía por el español y sus malestares. |
| 250 | |a Primera edición. | ||
| 260 | |a Santiago, Chile: |b Verba Volant, |c 2024. | ||
| 300 | |a 165 páginas. | ||
| 500 | |a c.1 Donación Prof. Bryan Green. MEMO LIT. Biblioteca Mayor de Filosofía y Educación. 01/10/2024. | ||
| 583 | |c 20241003 |k Yessy Sthefany Diaz Vidal | ||
| 650 | 0 | |9 468219 |a Discursos públicos |x Insultos |x Política y gobierno | |
| 650 | 0 | |9 879712 |a Lenguaje político |x Abuso de poder |v Análisis del discurso | |
| 650 | 0 | |9 309143 |a Idioma español |v Lingüística |x Persuasión política | |
| 942 | |2 ddc |c BK | ||
| 952 | |0 0 |1 0 |2 ddc |4 0 |6 460_141000000000000_VAL_2024 |7 0 |8 A |9 597129 |a BIBEDU |b BIBEDU |d 2024-10-03 |e Donación |i 5662920 |o 460.141 VAL 2024 |p 5662920 |r 2024-10-03 |t 1 |w 2024-10-03 |y BK |k LIT | ||